| 000 | 00984nam a2200229 a 4500 | ||
|---|---|---|---|
| 001 | 71628 | ||
| 003 | BD-RjUL | ||
| 005 | 20211209082134.0 | ||
| 008 | 170506s1988 bg a|||| |||| 001 0 ben d | ||
| 035 | _a(BD-RjUL)71844 | ||
| 040 |
_aBD-RjUL _bben _cBD-RjUL _dBD-RjUL |
||
| 041 | _aben | ||
| 082 |
_223 _a330.9 _bCHA 1988 |
||
| 100 | 1 |
_aচৌধুরী, সিরাজুল ইসলাম _9211937 |
|
| 245 | 1 | 0 |
_aআর্থনীতিক ভূগোল : _bবিশ্ব ও বাংলাদেশ / _cসিরাজুল ইসলাম চৌধুরী |
| 250 | _aঢাকা বিশ্ববিদ্যালয় সং. | ||
| 260 |
_aঢাকা : _bঢাকা বিশ্ববিদ্যালয়, _c১৯৮৮ [১৩৯৪] |
||
| 300 |
_aবিভিন্ন পৃ. : _bচিত্র. ; _c২৭ সেমি. |
||
| 650 |
_aঅর্থনৈতিক ভূগোল _9164877 |
||
| 650 |
_aEconomic geography _9211938 |
||
| 942 |
_2ddc _cBK |
||
| 999 |
_c71628 _d71628 |
||